Hlavné zmeny vo vývoji potreby kvalifikovaných pracovníkov v procese intenzifikácie čs. ekonomiky Vo svetle poznatkov z vývoja kvalifikácie vo vyspelých kapitalistických krajinách

Enregistré dans:
Détails bibliographiques
Auteur principal: Staněk, Peter
Format: Livre
Langue:slovaque
Publié: Bratislava Výskumný ústav sociálneho rozvoja a práce 1989
Collection:Výskumné práce VÚSRP 13/89
Tags: Ajouter un tag
Pas de tags, Soyez le premier à ajouter un tag!

MARC

LEADER 00000nam a2200000 4500
001 c033668
005 20240419065554.2
041 0 |a slo 
044 |a SK 
245 1 0 |a Hlavné zmeny vo vývoji potreby kvalifikovaných pracovníkov v procese intenzifikácie čs. ekonomiky  |b Vo svetle poznatkov z vývoja kvalifikácie vo vyspelých kapitalistických krajinách  |c Peter Stanek 
264 1 |a Bratislava  |b Výskumný ústav sociálneho rozvoja a práce  |c 1989 
300 |a 150 s. 
490 1 |a Výskumné práce VÚSRP  |v 13/89 
830 0 |a Výskumné práce VÚSRP  |v 13/89 
100 1 |a Staněk, Peter